[Event "5th IECC"]
[Site "Antalya TUR"]
[Date "2004.05.25"]
[Round "10"]
[White "Petrosian,TL"]
[Black "Stefansson,H"]
[Result "1/2-1/2"]
[WhiteElo "2539"]
[BlackElo "2567"]

1.e4 c5 2.Nc3 Nc6 3.Bb5 Nd4 4.Bc4 e6 5.Nge2 Nf6 6.O-O a6 7.a4 d6 8.d3 Be7
9.Ba2 O-O 10.h3 d5 11.exd5 Nxe2+ 12.Qxe2 Nxd5 13.Nxd5 exd5 14.Bxd5 Qxd5 15.Qxe7 c4
16.dxc4 Qxc4 17.c3 Qb3 18.Ra3 Qd5 19.c4 Qc6 20.Rg3 Bf5 21.h4 Bg6 22.Qg5 Qxc4
23.b3 Qe2 24.Be3 Rad8 25.Qg4  1/2-1/2

[Event "5th IECC"]
[Site "Antalya TUR"]
[Date "2004.05.25"]
[Round "10"]
[White "Radulski,J"]
[Black "Atakisi,U"]
[Result "1-0"]
[WhiteElo "2497"]
[BlackElo "2344"]

1.e4 c5 2.Nc3 Nc6 3.Nf3 e5 4.Bc4 Be7 5.d3 Nf6 6.Bg5 d6 7.h3 O-O 8.Bxf6 Bxf6
9.Nd5 Be6 10.O-O Rb8 11.Ne3 b5 12.Bxe6 fxe6 13.a3 Qd7 14.c3 a5 15.Re1 a4
16.Qc2 Na5 17.Rad1 b4 18.d4 cxd4 19.cxd4 Rfc8 20.Qe2 exd4 21.Nxd4 bxa3 22.bxa3 Nb3
23.Nf3 Bc3 24.Rf1 Qc6 25.Ng5 h6 26.Nxe6 Qxe4 27.Rxd6 Nd4 28.Nxd4 Bxd4 29.Rd1 Bxe3
30.fxe3 Rc2 31.R6d2 Rxd2 32.Rxd2 Rb3 33.Rd4 Qb1+ 34.Kh2 Rxa3 35.Qc4+ Kh7
36.Rd8 Qb6 37.Qe4+ Qg6 38.Rh8+ Kxh8 39.Qxg6 Rxe3 40.Qb6 Rb3 41.Qe6 Rb8 42.Qa6 Rb4
43.Qa5 Rd4 44.Kg3 Kh7 45.Kf3 Rd3+ 46.Kf4 Ra3 47.Qf5+ Kg8 48.Qc8+ Kh7 49.Qc2+ Kh8
50.h4 Rb3 51.Qc5 Rb8 52.Qa5 Rf8+ 53.Kg4 Rf2 54.g3 Rf6 55.Qxa4 Rg6+ 56.Kh3 Rf6
57.Qe4 Kg8 58.g4 Kf7 59.Qd5+ Kg6 60.Kg3 Kh7 61.Qe4+ Kh8 62.g5 hxg5 63.hxg5 Rb6
64.Kg4 Rb2 65.Qe8+ Kh7 66.g6+ Kh6 67.Qh8+  1-0

[Event "5th IECC"]
[Site "Antalya TUR"]
[Date "2004.05.29"]
[Round "13"]
[White "Guseinov,G"]
[Black "Nedev,T"]
[Result "1-0"]
[WhiteElo "2548"]
[BlackElo "2489"]

1.e4 c5 2.Nf3 Nc6 3.Nc3 Nf6 4.Bb5 g6 5.e5 Ng4 6.Bxc6 dxc6 7.h3 Nh6 8.g4 Bg7
9.d3 O-O 10.Be3 f5 11.g5 Nf7 12.Bf4 Qc7 13.Qe2 Nd8 14.Qe3 Ne6 15.h4 Qa5 16.a3 Rd8
17.Nd2 Nd4 18.Rc1 Be6 19.h5 Rd7 20.Qh3 Kf7 21.Qg3 b5 22.hxg6+ hxg6 23.Rh7 Rh8
24.Rxh8 Bxh8 25.Ne2 Qa4 26.Nc3 Qa5 27.Ne2 Bg7 28.Nxd4 cxd4 29.Ke2 c5 30.Rh1 Rd8
31.Rh7 Qa4 32.Qg2 Kg8 33.Rh6 Bxh6 34.gxh6 Kf7 35.b3 Qa6 36.Nf3 Bd5 37.Ng5+ Ke8
38.h7 Bxg2 39.e6  1-0

[Event "ch-City"]
[Site "Solingen GER"]
[Date "2004.05.29"]
[Round "2"]
[White "Meier,T"]
[Black "Hubert,Ralf"]
[Result "1-0"]
[WhiteElo "2297"]
[BlackElo "2303"]

1.e4 c5 2.Nc3 Nc6 3.Nge2 g6 4.d4 cxd4 5.Nxd4 Bg7 6.Be3 d6 7.Be2 Nf6 8.Nxc6 bxc6
9.Bf3 Nd7 10.O-O Rb8 11.Bxa7 Rxb2 12.Bd4 Ne5 13.Be2 Rb4 14.Kh1 c5 15.Be3 Nc4
16.a3 Nxe3 17.fxe3 Rb8 18.Rb1 Rxb1 19.Nxb1 O-O 20.Bc4 Qa5 21.Qd3 Be6 22.Bxe6 fxe6
23.Kg1 Rxf1+ 24.Kxf1 Qb6 25.Qb3 Qa6+ 26.Kf2 c4 27.Qb4 Qc6 28.Nd2 c3 29.Nf3 h6
30.a4 d5 31.Qb5 Qa8 32.e5 Qf8 33.Qc6 Qf5 34.Qxc3 g5 35.Qd3 Qf7 36.Kg3 Qe8
37.a5 Qa4 38.a6 Kf7 39.Kf2 g4 40.Nh4 Bxe5 41.Qg6+ Kf8 42.Qxh6+ Ke8 43.Qh5+ Kd7
44.Qxe5 Qxc2+ 45.Kg3 Qa4 46.Ng6 Qxa6 47.Nf8+ Ke8 48.Nxe6 Qe2 49.Nc7+ Kd7
50.Nxd5 Qe1+ 51.Kxg4 Qe2+ 52.Kh3 Kc6 53.Nxe7+ Kd7 54.Nd5 Qe1 55.Nf6+ Kc8
56.Qd6 Qxe3+ 57.g3 Qh6+ 58.Kg2 Qc1 59.Qf4 Qc6+ 60.Kh3 Qa6 61.Qf5+ Kb7 62.g4 Qa3+
63.Kh4 Ka8 64.g5 Qc1 65.Kh5 Qd1+ 66.Kg6 Qc1 67.h4 Qc7 68.Qd5+  1-0

[Event "Mitropa Cup"]
[Site "Zemplinska Sirava SVK"]
[Date "2004.05.29"]
[Round "1"]
[White "Wirig,A"]
[Black "Sakelsek,T"]
[Result "1/2-1/2"]
[WhiteElo "2422"]
[BlackElo "2374"]

1.e4 c5 2.Nf3 Nc6 3.Nc3 e6 4.Bb5 Nge7 5.O-O a6 6.Bxc6 Nxc6 7.d4 cxd4 8.Nxd4 Qc7
9.Re1 Bd6 10.Nxc6 dxc6 11.f4 e5 12.f5 b5 13.Be3 Bb7 14.Qf3 f6 15.Red1 O-O-O
16.Qf2 Qe7 17.a4 Bc7 18.Bc5 Qf7 19.Qe2 Rxd1+ 20.Rxd1 Rd8 21.Rxd8+ Bxd8 22.b3 Be7
23.Qe3 Qf8 24.Bb6 Bd8 25.axb5 Bxb6 26.Qxb6 Qb4 27.Qe3 cxb5 28.Kf2 Kd7 29.Kf3 Qd6
30.Ne2 a5 31.Qc3 a4 32.bxa4 bxa4 33.Qc4 a3 34.Nc3 Bc6 35.Qf7+ Qe7 36.Qc4 Qd6
37.Qf7+ Qe7 38.Qc4  1/2-1/2

[Event "3rd ACP Blitz Prelim1"]
[Site "playchess.com INT"]
[Date "2004.05.31"]
[Round "8"]
[White "Volokitin,And"]
[Black "Agababean,N"]
[Result "1-0"]
[WhiteElo "2600"]
[BlackElo "2216"]

1.e4 c5 2.Nf3 Nc6 3.Nc3 d6 4.d4 cxd4 5.Nxd4 e5 6.Nf3 Nf6 7.h3 Be7 8.Bc4 O-O
9.O-O a6 10.Re1 Qc7 11.Bf1 b5 12.a4 b4 13.Nd5 Nxd5 14.exd5 Na5 15.Bd2 Rb8
16.Re4 f5 17.Rxb4 Rxb4 18.Bxb4 Nc4 19.Bxc4 Qxc4 20.Qd2 Bb7 21.Nxe5 Qxd5 22.Qxd5+ Bxd5
23.Rd1 Be4 24.Nd3 Rb8 25.Ba3 Kf7 26.f3 Bc6 27.b3 g6 28.Nf4 Rd8 29.Nd5 Bf8
30.c4 Rb8 31.Nb4 Be8 32.a5 d5 33.Nxa6 Rxb3 34.Bxf8 Kxf8 35.Rxd5 Rc3 36.Rc5 Bf7
37.Nc7 Rxc4 38.Rxc4 Bxc4 39.a6 Ke7 40.a7 Kd7 41.a8=Q  1-0

[Event "3rd ACP Blitz Prelim1"]
[Site "playchess.com INT"]
[Date "2004.05.31"]
[Round "10"]
[White "Bartel,Mat"]
[Black "Agababean,N"]
[Result "1-0"]
[WhiteElo "2501"]
[BlackElo "2216"]

1.e4 c5 2.Ne2 Nc6 3.Nbc3 Nf6 4.g3 e5 5.Bg2 d6 6.d3 Be6 7.f4 Bg4 8.h3 Bxe2
9.Qxe2 Be7 10.O-O Qd7 11.g4 O-O-O 12.g5 Ne8 13.Nd5 Nc7 14.Nxc7 Qxc7 15.fxe5 Nxe5
16.Bf4 f6 17.gxf6 Bxf6 18.Kh1 Kb8 19.Rab1 Rhf8 20.c3 Ng6 21.Be3 Be5 22.d4 Bf4
23.Bf2 Rde8 24.Qg4 Qc8 25.Rbe1 Qxg4 26.hxg4 Rc8 27.Rd1 b6 28.Bf3 Bg5 29.Bg3 Bf4
30.Kg2 Bxg3 31.Kxg3 Rf7 32.Be2 Rcf8 33.Rf5 Ne7 34.Rxf7 Rxf7 35.dxc5 dxc5
36.Rd7 g6 37.Kg2 a5 38.Bc4 Rg7 39.e5 Kc8 40.e6 h5 41.g5 Nf5 42.Rxg7 Nxg7
43.Bd3 Nxe6 44.Kg3 Nxg5 45.Bxg6 Kc7 46.Bxh5 Ne4+ 47.Kf4 Nd2 48.Bf7 Kd6 49.Ke3 Nc4+
50.Bxc4 Kc6 51.a4 Kd6 52.Bb5  1-0

[Event "3rd ACP Blitz Prelim1"]
[Site "playchess.com INT"]
[Date "2004.05.31"]
[Round "16"]
[White "Bartel,Mat"]
[Black "Atarov,E"]
[Result "1-0"]
[WhiteElo "2501"]
[BlackElo "2138"]

1.e4 c5 2.Ne2 Nc6 3.Nbc3 Nf6 4.g3 g6 5.d4 cxd4 6.Nxd4 Bg7 7.Nde2 O-O 8.Bg2 a6
9.O-O d6 10.Bg5 h6 11.Be3 Kh7 12.h3 Bd7 13.Qd2 Rc8 14.Rac1 Ne5 15.b3 Qa5
16.f4 Nc6 17.Rfd1 Rfd8 18.Nd5 Qxd2 19.Rxd2 Nxd5 20.exd5 Nb8 21.Bb6 Re8 22.c4 h5
23.Nd4 Bf5 24.Nxf5 gxf5 25.Bf2 Nd7 26.Bf3 Kg6 27.Rdc2 a5 28.Kg2 Nc5 29.Rd1 Bf6
30.Re2 Rg8 31.h4 Rc7 32.Kf1 Rb8 33.Rc2 b5 34.cxb5 Rxb5 35.Rdc1 a4 36.bxa4 Ra5
37.Rc4 Rca7 38.Bd1 Bb2 39.R1c2 Bf6 40.Bxc5 dxc5 41.Rxc5 Rxa4 42.d6 exd6 43.Rd5 Rxa2
44.Rxd6 Rxc2 45.Bxc2 Ra5 46.Ke2 Rc5 47.Bd3 Ra5 48.Bc4 Rc5 49.Kd3 Rc7 50.Ra6 Rb7
51.Ra5 Rd7+ 52.Ke2 Re7+ 53.Kd2 Rd7+ 54.Bd3 Bd8 55.Rb5 Kg7 56.Ke2 Re7+ 57.Kf3 Rc7
58.Rxf5 Rc3 59.Ke2 Bb6 60.Rxh5 Ra3 61.Rg5+ Kf8 62.Rb5 Ra2+ 63.Kf3 Bd8 64.Kg4 Ke7
65.Rb7+ Kf8 66.Bc4 f6 67.Bxa2 Ke8 68.Rf7  1-0

[Event "3rd ACP Blitz Prelim1"]
[Site "playchess.com INT"]
[Date "2004.05.31"]
[Round "19"]
[White "Golubev,M"]
[Black "Atarov,E"]
[Result "1-0"]
[WhiteElo "2532"]
[BlackElo "2138"]

1.e4 c5 2.Nf3 Nc6 3.Nc3 e5 4.Bc4 Be7 5.d3 Nf6 6.Nd2 O-O 7.Nf1 d6 8.Ne3 Be6
9.O-O Qd7 10.Bd2 Rfe8 11.Ncd5 Rab8 12.a4 Bd8 13.f4 exf4 14.Nxf4 Ne5 15.Bxe6 fxe6
16.Bc3 Nc6 17.Kh1 Nd4 18.Nc4 e5 19.Bxd4 cxd4 20.Nd5 Nxd5 21.exd5 Bg5 22.Qh5 Bh6
23.Rf3 Rf8 24.Raf1 Rxf3 25.Rxf3 Rf8 26.a5 Rxf3 27.Qxf3 Bg5 28.g3 h6 29.Kg2 Bc1
30.h3 Bg5 31.Qg4 Qxg4 32.hxg4 Be7 33.b4 Kf7 34.b5 Ke8 35.Kf3 Kd7 36.Ke4 g6
37.Kf3 Bg5 38.Ke2 Bc1 39.Kd1 Bg5 40.a6 bxa6 41.bxa6 Bd8 42.Kc1 Kc7 43.Kb2 Kd7
44.Kb3 Bc7 45.Nd2 Ba5 46.Ne4 Be1 47.Ka4 Kc7 48.Kb5 Kd7 49.g5 hxg5 50.g4 Bh4
51.Kc4 Kc7 52.c3 dxc3 53.Nxc3 Be1 54.Ne4 Bh4 55.Kb5 Kd7 56.Nd2 Be1 57.Nf3 Bh4
58.Nd2 Kc7 59.Ne4 Kd7 60.Nf6+ Kc7 61.Ne8+ Kd7 62.Ng7 Be1 63.Ne6 Bd2 64.Nf8+ Kc7
65.Nxg6 Bc1 66.Nf8 Bd2 67.Ne6+ Kd7 68.Ng7 Bc1 69.Nf5 Bd2 70.Kc4 Bc1 71.Ng3 Bf4
72.Ne4 Bc1 73.d4 exd4 74.Kxd4 Ke7 75.Kc4 Kd7 76.Kb5 Kc7 77.Nc3 Be3 78.Ne4 Kd7
79.Nf6+ Kc7 80.Nh5 Bc1 81.Ng3 Bd2 82.Nf5 Bf4 83.Nd4 Bc1 84.Nc6 Be3 85.Ne7 Kd7
86.Nc6 Kc7 87.Na5 Bd2 88.Nc4 Be1 89.Ka4 Bf2 90.Kb3 Bc5 91.Kc2 Kd7 92.Kd3 Ke7
93.Ke4 Kf6 94.Na5 Bb6 95.Nc6 Bc5 96.Nb8 Bg1 97.Nc6 Bc5 98.Nd4 Bb6 99.Nf5 Bc5
100.Ng3 Ba3 101.Ne2 Bb2 102.Ng1 Be5 103.Nf3 Bf4 104.Kd3 Bc1 105.Kc4 Be3 106.Kb5 Kg6
107.Kc6 Bc5 108.Kc7 Kf6 109.Kb7 Kg6 110.Nd2 Kf6 111.Nc4 Ke7 112.Na5 Kf6 113.Nc6 Be3
114.Nxa7 Bxa7 115.Kxa7 Ke5 116.Kb7 Kxd5 117.a7 Ke4 118.a8=Q Kf4 119.Qc8 d5
120.Qf5+  1-0

[Event "Mitropa Cup"]
[Site "Zemplinska Sirava SVK"]
[Date "2004.05.31"]
[Round "3"]
[White "Maze,S"]
[Black "Jankovic,A"]
[Result "0-1"]
[WhiteElo "2486"]
[BlackElo "2444"]

1.e4 c5 2.Nc3 Nc6 3.Bb5 Nd4 4.Bc4 e6 5.Nf3 Nf6 6.O-O a6 7.d3 b5 8.Bb3 Nxb3
9.axb3 Bb7 10.e5 Ng4 11.Ne4 Qc7 12.Bf4 f5 13.Ned2 Qc6 14.h3 g5 15.hxg4 gxf4
16.gxf5 exf5 17.Nh4 Qh6 18.Nxf5 Qg5 19.g4 h5 20.Ne4 hxg4  0-1

[Event "Summer II"]
[Site "Alushta UKR"]
[Date "2004.06.01"]
[Round "13"]
[White "Onoprienko,V"]
[Black "Zinchenko,Y"]
[Result "1/2-1/2"]
[WhiteElo "2374"]
[BlackElo "2352"]

1.e4 c5 2.Nc3 Nc6 3.Nf3 d6 4.d4 cxd4 5.Nxd4 Nf6 6.Bc4 Qb6 7.Ndb5 a6 8.Be3 Qa5
9.Nd4 e6 10.O-O Be7 11.Bb3 O-O 12.f4 Qc7 13.f5 Nxd4 14.Bxd4 b5 15.fxe6 Bxe6
16.Qd3 Nd7 17.Qg3 Ne5 18.Nd5 Bxd5 19.Bxd5  1/2-1/2

[Event "TCh-BIH"]
[Site "Neum BIH"]
[Date "2004.06.02"]
[Round "5"]
[White "Brenjo,S"]
[Black "Milanovic,Da"]
[Result "1-0"]
[WhiteElo "2464"]
[BlackElo "2428"]

1.e4 c5 2.Nf3 Nc6 3.Nc3 e5 4.Bc4 d6 5.d3 Be7 6.Nd2 Nf6 7.Nf1 Bg4 8.f3 Be6
9.Ne3 a6 10.a4 Rb8 11.O-O O-O 12.Ncd5 Nd7 13.c3 Bg5 14.f4 exf4 15.Nxf4 Bxf4
16.Rxf4 Nce5 17.Bd5 Nf6 18.c4 b5 19.axb5 axb5 20.Ra6 Rb6 21.Ra3 Qe7 22.d4 Ng6
23.Rf1 bxc4 24.dxc5 dxc5 25.Nxc4 Rb4 26.Qd3 Nxd5 27.exd5 Bd7 28.Ra7 Rfb8
29.Bd2 R4b7 30.Rxb7 Rxb7 31.Re1 Qf8 32.Qg3 h6 33.Bc3 Rb8 34.Qc7 Qd8 35.Qxd8+ Rxd8
36.Ba5 Rb8 37.Nb6 Bb5 38.g3 f6 39.Rc1 c4 40.Kf2 Ne5 41.Ke3 Kf7 42.Kd4 Ke7
43.Rc3 Kd6 44.b3 cxb3 45.Bb4+  1-0

[Event "3rd ACP Blitz Prelim3"]
[Site "playchess.com INT"]
[Date "2004.06.02"]
[Round "7"]
[White "Macieja,B"]
[Black "Bauer,Ch"]
[Result "0-1"]
[WhiteElo "2633"]
[BlackElo "2595"]

1.e4 c5 2.Nc3 Nc6 3.Nf3 g6 4.d4 cxd4 5.Nxd4 Bg7 6.Be3 Nf6 7.Bc4 O-O 8.Bb3 a5
9.O-O a4 10.Nxa4 Nxe4 11.Nb5 d5 12.c3 e6 13.Bb6 Qh4 14.g3 Qh3 15.Qe2 Ne5
16.f3 Nxg3 17.hxg3 Qxg3+ 18.Qg2 Qf4 19.Nc5 Nc4 20.Nd3 Qf5 21.Bc2 Nxb6 22.Qf2 Qg5+
23.Qg2 Qxg2+ 24.Kxg2 Nc4 25.Kf2 Bd7 26.Nd4 Rfc8 27.Rfb1 e5 28.Nb3 b6 29.Ke2 e4
30.fxe4 Bg4+ 31.Kf2 dxe4 32.Nb4 Nxb2 33.Rxb2 Bxc3 34.Rab1 Bxb4 35.Bxe4 Ra3
36.Nd4 Bc5 37.Rd2 Rd8  0-1

[Event "3rd ACP Blitz Prelim4"]
[Site "playchess.com INT"]
[Date "2004.06.03"]
[Round "17"]
[White "Landa,K"]
[Black "Harika,D"]
[Result "1-0"]
[WhiteElo "2550"]
[BlackElo "2368"]

1.e4 c5 2.Nf3 Nc6 3.Nc3 e5 4.Bc4 Be7 5.d3 d6 6.Nd2 Bg5 7.h4 Bh6 8.Qh5 g6
9.Qd1 Nf6 10.Nf1 Bxc1 11.Qxc1 Be6 12.Qg5 Ng4 13.f3 Nf6 14.Ne3 Nh5 15.Ned5 Qxg5
16.hxg5 O-O-O 17.g4 Nf4 18.Nxf4 exf4 19.Kd2 Bxc4 20.dxc4 Ne5 21.Ke2 Nxc4
22.Nd5 Nb6 23.Nf6 d5 24.Rad1 dxe4 25.Rxd8+ Kxd8 26.fxe4 Ke7 27.Kf3 Nd7 28.Nd5+ Ke6
29.Nxf4+ Ke5 30.Rd1 Nb6 31.b3 h6 32.Rh1 h5 33.gxh5 gxh5 34.g6 Kf6 35.gxf7 Kxf7
36.Rxh5 Rxh5 37.Nxh5 c4 38.Kf4 cxb3 39.cxb3 a5 40.Ke5 Ke7 41.Nf6 Nc8 42.Nd5+ Kd7
43.Kd4 Na7 44.Kc5 Nc6 45.Kb6 a4 46.b4 Kc8 47.Kb5 a3 48.Ka4 Ne5 49.Kxa3 Nc4+
50.Ka4 Kd7 51.Nc3 Kc6 52.Kb3 Nd2+ 53.Kc2 Nc4 54.a4 Nb6 55.Kd3 Nd7 56.Kd4 Nf8
57.Ke5 Nd7+ 58.Kd4 Nf8 59.a5 Nd7 60.b5+ Kd6 61.Kc4 Ne5+ 62.Kb4 Nd3+ 63.Kc4 Ne5+
64.Kd4 Nf3+ 65.Ke3 Ne5 66.Kf4 Nd3+ 67.Kf5 Kc5 68.e5 Kb4 69.e6 Nc5 70.e7 Kxa5
71.e8=Q b6 72.Nd5  1-0

[Event "1st Asean GM"]
[Site "Bangkok THA"]
[Date "2004.06.04"]
[Round "1"]
[White "Mariano,N"]
[Black "Aung Thant Zin"]
[Result "1-0"]
[WhiteElo "2416"]
[BlackElo "2466"]

1.e4 c5 2.Ne2 Nc6 3.Nbc3 g6 4.g3 Bg7 5.Bg2 e6 6.O-O Nge7 7.d3 O-O 8.Bg5 h6
9.Be3 Nd4 10.Qd2 Kh7 11.Rab1 d6 12.f4 Rb8 13.b4 Nec6 14.bxc5 dxc5 15.e5 b6
16.Ne4 Bb7 17.Nxd4 Nxd4 18.Rfd1 Qc7 19.c3 Nf5 20.Bf2 Rfd8 21.Qb2 c4 22.d4 Bxe4
23.Bxe4 Ne7 24.g4 b5 25.Qc2 Qd7 26.Bh4 Rg8 27.Bxe7 Qxe7 28.Kh1 f5 29.exf6 Qxf6
30.Rf1 Bf8 31.Rf3 Kh8 32.g5 Qf7 33.gxh6 Bd6 34.h7 Rg7 35.Rg1 Kxh7 36.Bxg6+ Rxg6
37.Rxg6 Qxg6 38.Rh3+ Kg7 39.Rg3 Qxg3 40.hxg3 b4 41.cxb4 Rxb4 42.Qc3 Kf7 43.Kg2  1-0

[Event "TCh-BIH"]
[Site "Neum BIH"]
[Date "2004.06.04"]
[Round "7"]
[White "Fedorov,Alex"]
[Black "Bogut,Z"]
[Result "1-0"]
[WhiteElo "2616"]
[BlackElo "2400"]

1.e4 c5 2.Nf3 Nc6 3.Nc3 e5 4.Bc4 Be7 5.d3 d6 6.O-O Nf6 7.Ng5 O-O 8.f4 Bg4
9.Qe1 exf4 10.Bxf4 Nd4 11.Qd2 Bh5 12.Kh1 Qd7 13.a4 a6 14.a5 Bg6 15.Nf3 Nb5
16.e5 Ne8 17.Nd5 Bd8 18.Rae1 Bf5 19.Bg5 Be6 20.Bxd8 Rxd8 21.Ng5 Nbc7 22.Nxe6 Nxe6
23.Rf3 dxe5 24.Rxe5 Qd6 25.Rh5 Nd4 26.Rg3 Rd7 27.c3 Nc6 28.d4 cxd4 29.Bd3 f5
30.Bc4 Kh8 31.Nf4 Ne5 32.Rxh7+ Kxh7 33.Rh3+ Qh6 34.Rxh6+ gxh6 35.Bb3 d3 36.h3 Ng7
37.Bd5 Rfd8 38.c4 Rc7 39.b3 Rcd7 40.Qc3 Re7 41.Nxd3 Ng6 42.Qd4 Rf8 43.Nf4 Nxf4
44.Qxf4 Rf6 45.Kh2 Kg6 46.b4 Nh5 47.Qf3 b6 48.c5 bxc5 49.bxc5 Rf8 50.Bb7 Nf6
51.c6 Ne4 52.c7 Rxc7 53.Bxe4 Rf6 54.Qg3+  1-0

[Event "3rd ACP Blitz Prelim5"]
[Site "playchess.com INT"]
[Date "2004.06.04"]
[Round "8"]
[White "Petrosian,TL"]
[Black "Pogonina,N"]
[Result "1-0"]
[WhiteElo "2539"]
[BlackElo "2393"]

1.e4 c5 2.Nc3 Nc6 3.Bb5 g6 4.Bxc6 bxc6 5.d3 Bg7 6.f4 e6 7.Nf3 Ne7 8.O-O O-O
9.Qe1 d6 10.b3 Rb8 11.Bd2 Qb6 12.Kh1 Qc7 13.Qh4 f6 14.Rae1 d5 15.e5 Nf5 16.Qf2 Qb6
17.Na4 Qc7 18.Nxc5 fxe5 19.Nxe5 Qd6 20.b4 Ne7 21.Qh4 a5 22.a3 Nf5 23.Qh3 Nd4
24.c3 Nf5 25.d4 axb4 26.axb4 Ra8 27.g4 Ne7 28.Ra1 Rxa1 29.Rxa1 Qb8 30.Qd3 Bh6
31.Ncd7 Bxd7 32.Nxd7 Qb7 33.Nxf8 Bxf8 34.Qa6 Qd7 35.Qa7 Qd6 36.Qb7 g5 37.fxg5 Ng6
38.Ra7 Be7 39.Qd7  1-0

[Event "3rd ACP Blitz Prelim5"]
[Site "playchess.com INT"]
[Date "2004.06.04"]
[Round "20"]
[White "Petrosian,TL"]
[Black "Tregubov,P"]
[Result "1-0"]
[WhiteElo "2539"]
[BlackElo "2636"]

1.e4 c5 2.Nc3 Nc6 3.Bb5 Nd4 4.Ba4 g6 5.Nge2 Bg7 6.O-O a6 7.Nxd4 Bxd4 8.Ne2 Bg7
9.c3 Nf6 10.e5 Nd5 11.d4 cxd4 12.cxd4 O-O 13.Bb3 Nc7 14.Bg5 d6 15.Rc1 h6
16.Bh4 Be6 17.Qc2 Rc8 18.Bxe6 Nxe6 19.Qxc8 Qxc8 20.Rxc8 Rxc8 21.Bxe7 dxe5
22.d5 Rc2 23.Nc3 Nf8 24.d6 Rxb2 25.Bxf8 Kxf8 26.Nd5 Ke8 27.f4 Kd7 28.Ne3 e4
29.Rd1 b5 30.Ng4 Rxa2 31.Ne5+ Bxe5 32.fxe5 e3 33.Rc1 Rd2 34.Rc7+ Ke6 35.Re7+ Kf5
36.Kf1 f6 37.g4+ Kxg4 38.exf6 Rxd6 39.f7 Rf6+ 40.Ke2 b4 41.Kxe3 b3 42.Re4+ Kh3
43.Rf4 Re6+ 44.Kf2  1-0

[Event "Summer III"]
[Site "Alushta UKR"]
[Date "2004.06.05"]
[Round "1"]
[White "Kuznetsov,Vi2"]
[Black "Rakhimov,Z"]
[Result "1-0"]
[WhiteElo "2375"]
[BlackElo "2437"]

1.e4 c5 2.Nf3 Nc6 3.Nc3 d6 4.d4 cxd4 5.Nxd4 e5 6.Nf3 Be7 7.Be2 Nf6 8.Bg5 Be6
9.O-O O-O 10.Qd2 Ng4 11.Rad1 f6 12.Bh4 Qd7 13.Nd5 Rad8 14.c3 f5 15.Ng5 Bxg5
16.Bxg5 Nf6 17.Bxf6 gxf6 18.f4 Kh8 19.exf5 Bxd5 20.Qxd5 exf4 21.Rxf4 Ne5
22.Qd4 b6 23.Qf2 Rg8 24.Bc4 Rg5 25.Be6 Qc6 26.Kh1 Ng4 27.Qf3 Qxf3 28.Rxf3 Kg7
29.h4 Rh5 30.g3 Kf8 31.Rf4 Ne5 32.Ra4 a5 33.b4 Nc6 34.bxa5 bxa5 35.Kg2 d5
36.Kh3 Rd6 37.Re1 d4 38.g4 Rh6 39.cxd4 Nxd4 40.Re3 Nc2 41.Rc3 Nd4 42.Rd3 Nxe6
43.Rxd6 Ng5+ 44.Kg3  1-0

[Event "TCh-BIH"]
[Site "Neum BIH"]
[Date "2004.06.05"]
[Round "8"]
[White "Predojevic,B"]
[Black "Hadzic,A"]
[Result "1-0"]
[WhiteElo "2490"]
[BlackElo "2145"]

1.e4 c5 2.Nf3 Nc6 3.Nc3 g6 4.Bb5 Bg7 5.O-O a6 6.Bxc6 bxc6 7.e5 Nh6 8.d3 Nf5
9.Bf4 Nd4 10.Ne4 Ne6 11.Bg3 O-O 12.Qd2 a5 13.a4 Qb6 14.b3 Qb4 15.Qe3 Nd4
16.Nxd4 cxd4 17.Qe2 Rd8 18.Rae1 Bb7 19.f4 f5 20.exf6 exf6 21.f5 d5 22.Nxf6+ Bxf6
23.Qe6+ Kg7 24.fxg6 Rf8 25.Be5 Bc8 26.Bxf6+ Kh6 27.Qe5  1-0

[Event "3rd ACP Blitz Octofinal"]
[Site "playchess.com INT"]
[Date "2004.06.05"]
[Round "1"]
[White "Macieja,B"]
[Black "Shabalov,A"]
[Result "1-0"]
[WhiteElo "2633"]
[BlackElo "2624"]

1.e4 c5 2.Nc3 Nc6 3.Nf3 d6 4.d4 cxd4 5.Nxd4 Nf6 6.Bc4 e6 7.Be3 Be7 8.Qe2 a6
9.Bb3 O-O 10.O-O-O Qc7 11.g4 Na5 12.g5 Nd7 13.f4 b5 14.f5 b4 15.Na4 Nc5 16.Kb1 Naxb3
17.axb3 Nxe4 18.f6 Bd8 19.fxg7 Re8 20.Rhg1 d5 21.h4 e5 22.Nf3 Bf5 23.Rxd5 Rc8
24.Rc1 Ng3 25.Qe1 Be4 26.Rc5 Qb7 27.Rxc8 Qxc8 28.Qxg3 Qf5 29.Nd2 Bc6 30.Rf1 Qg6
31.Nc5 Bc7 32.Rf6 Qh5 33.Rxc6  1-0

[Event "II Gyorgy Marx Mem IM"]
[Site "Paks HUN"]
[Date "2004.06.08"]
[Round "4"]
[White "Meshcheriakova,E"]
[Black "Bogdan,D"]
[Result "1/2-1/2"]
[WhiteElo "2206"]
[BlackElo "2452"]

1.e4 c5 2.Nf3 Nc6 3.Nc3 g6 4.d4 cxd4 5.Nxd4 Bg7 6.Be3 Nf6 7.Bc4 O-O 8.O-O d6
9.h3 Bd7 10.Qd2 Rc8 11.Bb3 Na5 12.Bh6 Nc4 13.Bxc4 Rxc4 14.Bxg7 Kxg7 15.Qd3 Rc8
16.Nd5 e5 17.Nxf6 Qxf6 18.Ne2 a6 19.c3 Bb5 20.Qe3 Qe6 21.Rfd1 h6 22.Rd2 Bc6
23.b3 Qe7 24.Rad1 Rcd8 25.Ng3 Rd7 26.Nf1 Rfd8 27.c4 Qh4 28.Ng3 Qg5 29.Qxg5 hxg5
30.f3 Kf8 31.Nf1 Ke7 32.Ne3 Rc8 33.Nd5+ Bxd5 34.Rxd5 f5 35.Kf2 Ke6 36.Ke3 b6
37.R1d2 Rc6 38.a4 Rc5 39.Rxc5 bxc5 40.a5 Rh7 41.Rb2 Rb7 42.Kd3 Kd7 43.g4 Ke6
44.Ke3 Rb8 45.Rb1 fxe4 46.fxe4  1/2-1/2

[Event "Summer III"]
[Site "Alushta UKR"]
[Date "2004.06.10"]
[Round "6"]
[White "Babaev,Ra"]
[Black "Rakhimov,Z"]
[Result "1-0"]
[WhiteElo "2413"]
[BlackElo "2437"]

1.e4 c5 2.Nf3 Nc6 3.Nc3 d6 4.d4 cxd4 5.Nxd4 e6 6.Be2 Be7 7.O-O Nf6 8.Kh1 a6
9.a4 Qc7 10.f4 Nxd4 11.Qxd4 e5 12.Qd3 exf4 13.Bxf4 O-O 14.Rad1 Rd8 15.Qg3 Be6
16.e5 Ne8 17.Nd5 Bxd5 18.Rxd5 Qxc2 19.Bd3 Qc6 20.Be4 Qc4 21.Qf3 dxe5 22.b3 Qc8
23.Rxe5 Rd7 24.Bf5 Qd8 25.Qh3 Nf6 26.Bxd7 Nxd7 27.Rd5  1-0

[Event "Summer III"]
[Site "Alushta UKR"]
[Date "2004.06.10"]
[Round "6"]
[White "Shtyrenkov,V"]
[Black "Kuznetsov,Vi2"]
[Result "1/2-1/2"]
[WhiteElo "2449"]
[BlackElo "2375"]

1.e4 c5 2.Nf3 Nc6 3.Nc3 Nf6 4.d4 cxd4 5.Nxd4 e5 6.Ndb5 d6 7.Nd5 Nxd5 8.exd5 Nb8
9.c4 Be7 10.Be2 O-O 11.O-O a6 12.Nc3 f5 13.f3 Bg5 14.Kh1 Nd7 15.b4 b6 16.Bxg5 Qxg5
17.Qc1 Qh4 18.Qe1 Qxe1 19.Rfxe1 Bb7 20.a3 Rac8 21.Na4 Rc7 22.Kg1 Kf7 23.Kf2 Rb8
24.Rec1 Bc8 25.Ke1 Nf6 26.c5 bxc5 27.bxc5 Nxd5 28.cxd6 Rd7 29.Bc4 Rxd6 30.Nc3 Be6
31.Nxd5 Bxd5 32.Rd1 Ke6 33.Rxd5 Rxd5 34.Rd1 Rb5 35.a4 Rc5 36.Bxd5+ Rxd5 37.Rb1 Ra5
38.Rb4 Kd6 39.Kd2 Kc6 40.g4 g6 41.gxf5 gxf5 42.Rh4 Kc5 43.Kd3 f4 44.Rxh7 Rxa4
45.Rd7 Kc6 46.Ra7 Ra3+ 47.Ke2 Ra2+ 48.Kf1 Kd5 49.Rd7+ Kc4 50.Kg1 Rb2 51.Ra7 Rb6
52.Kf2 Kb4 53.Ke2 a5 54.Kd3 a4 55.Ke4 Rb5 56.h4 a3 57.h5 Rb6 58.Kxe5 Rb5+
59.Kxf4 Rxh5 60.Ke4 Ra5 61.Rb7+ Kc3 62.Rb1 a2 63.Ra1 Kb2 64.Rxa2+ Kxa2 65.f4 Kb3
66.f5 Kc4 67.f6 Ra8 68.Ke5 Kc5 69.f7 Kc6 70.Ke6 Rh8 71.Ke7  1/2-1/2

[Event "8th Open"]
[Site "Voronezh RUS"]
[Date "2004.06.14"]
[Round "3"]
[White "Zhumabaev,R"]
[Black "Grebionkin,Vl"]
[Result "0-1"]
[WhiteElo "2295"]
[BlackElo "2423"]

1.e4 c5 2.Nf3 Nc6 3.Nc3 e5 4.Bc4 Be7 5.d3 Nf6 6.Ng5 O-O 7.f4 d5 8.exd5 Nd4
9.O-O Bg4 10.Qe1 exf4 11.Bxf4 h6 12.Nge4 Nxe4 13.Nxe4 b5 14.Bb3 a5 15.d6 Bh4
16.g3 c4 17.dxc4 a4 18.gxh4 axb3 19.cxb3 Re8 20.h3 Nf3+ 21.Rxf3 Bxf3 22.Qg3 Bxe4
23.Be5 Qb6+ 24.Kf1 Bd3+ 25.Kg2 f6 26.Qxd3 Rxe5 27.Rd1 Qc6+ 28.Kg1 bxc4 29.bxc4 Ree8
30.Qd5+ Qxd5 31.Rxd5  0-1

[Event "Summer IV"]
[Site "Alushta UKR"]
[Date "2004.06.17"]
[Round "1"]
[White "Farakhov,R"]
[Black "Tolstikh,N"]
[Result "1/2-1/2"]
[WhiteElo "2371"]
[BlackElo "2425"]

1.e4 c5 2.Nf3 Nc6 3.Nc3 g6 4.Bb5 Bg7 5.O-O e5 6.d3 Nge7 7.a3 O-O 8.Rb1 d6
9.b4 Nd4 10.Nxd4 cxd4 11.Ne2 Be6 12.c3 dxc3 13.Nxc3 Rc8 14.Bb2 d5 15.Ba4 d4
16.Ne2 Qd6 17.Bb3 Rc7 18.Rc1 Rfc8 19.Rxc7 Rxc7 20.f4 b5 21.Kh1 Bxb3 22.Qxb3 Qe6
23.Qxe6 fxe6 24.Rc1 Rxc1+ 25.Bxc1 Nc6 26.g3 a5 27.bxa5 Nxa5 28.Bb2 Nb3 29.Kg2 Kf7
30.fxe5 Bxe5 31.Nc1 Nc5 32.Ne2 Nb3 33.Nc1 Na5 34.Ne2 Nc6 35.Kf2 Bf6 36.Nc1 e5
37.Nb3 Be7 38.Bc1 Ke6 39.Ke2 h5 40.h4 Kd7 41.Kd1 Kc7 42.Kc2 b4 43.a4 Kb6
44.Kb2 Ka6 45.Nd2 Na5 46.Nb3 Nb7 47.Kc2 Kb6 48.Bd2 Ka6 49.Be1 Kb6 50.Bd2  1/2-1/2

[Event "Summer IV"]
[Site "Alushta UKR"]
[Date "2004.06.21"]
[Round "6"]
[White "Kovalev,A"]
[Black "Evdokimov,Alexa"]
[Result "1-0"]
[WhiteElo "2557"]
[BlackElo "2495"]

1.e4 c5 2.Nc3 Nc6 3.Nf3 g6 4.d4 cxd4 5.Nxd4 Bg7 6.Be3 d6 7.Bc4 Nf6 8.h3 O-O
9.Bb3 Bd7 10.O-O Nxd4 11.Bxd4 Bc6 12.Qd3 Nd7 13.Bxg7 Kxg7 14.Rad1 Kg8 15.Qe3 Qa5
16.Nd5 Rae8 17.c3 Qc5 18.Rd4 e6 19.Nb4 e5 20.Rdd1 Qxe3 21.fxe3 Bxe4 22.Rxd6 Nc5
23.Nd5 Bxd5 24.Bxd5 Re7 25.e4 Na4 26.Rf2 Rfe8 27.g4 Kg7 28.g5 Nc5 29.Rd2 h6
30.h4 hxg5 31.hxg5 Rh8 32.b4 Na4 33.Rd3 Nb2 34.Rf3 Rh5 35.Rdf6 Rxg5+ 36.Kf2 Rf5
37.R6xf5 gxf5 38.Rxf5 b5 39.Ke2 Na4 40.Kd3 Rc7 41.Rxe5 Rxc3+ 42.Kd4 Rc7 43.Bb3 Rb7
44.Kd5 Kf6 45.Rf5+ Kg7 46.e5 Nc3+ 47.Kc6 Re7 48.Kd6 Rb7 49.Rf4 Ne2 50.Rf2 Nd4
51.Bd5 Rb6+ 52.Ke7 Kg6 53.Be4+ Kg5 54.Kxf7 a5 55.Rf6 Rxf6+ 56.exf6 Kf4 57.bxa5 Kxe4
58.a6 Nc6 59.Kg7 Kd5 60.f7 Nd8 61.a7  1-0

[Event "TCh-CRO"]
[Site "Rabac CRO"]
[Date "2004.06.22"]
[Round "3"]
[White "Doric,N"]
[Black "Krkljes,S"]
[Result "1-0"]
[WhiteElo "2371"]
[BlackElo "2158"]

1.e4 c5 2.Nc3 Nc6 3.Bb5 Nd4 4.Bc4 d6 5.Nf3 Nf6 6.Nxd4 cxd4 7.Nd5 Nd7 8.c3 e6
9.Nf4 Qg5 10.d3 dxc3 11.bxc3 Nb6 12.Bb3 e5 13.Qh5 Qxh5 14.Nxh5 Be6 15.f4 Bxb3
16.axb3 Nd7 17.b4 g6 18.Ng3 Be7 19.O-O O-O 20.f5 Rfc8 21.Ne2 a6 22.Be3 f6
23.g4 g5 24.Rfc1 Bd8 25.Kf2 Bb6 26.Bxb6 Nxb6 27.Ra5 Kf7 28.Ke3 Nd7 29.Rca1 Rab8
30.R1a3 Rh8 31.Ng3 Rhc8 32.b5 axb5 33.Rxb5 b6 34.Ra7 Ke7 35.Nh5 Ra8 36.Rb7 Kd8
37.Rxd7+ Kxd7 38.Nxf6+ Kc6 39.Rb3 h6 40.Nd5 Rcb8 41.c4 Ra2 42.Nb4+  1-0